000 00731nam a2200121Ia 4500
008 220620s9999||||xx |||||||||||||| ||und||
100 _avan Liempt, Ilse
245 0 _aNavigating Borders
_bInside Perspectives on the Process of Human Smuggling into the Netherlands
546 _aEnglish[eng]
650 _ahuman smuggling||irregular migration||netherlands||horn of africa||fortress europe||wetenschap algemeen||asylum||forced migration||popular science||former soviet union||iraq||transit migration
856 _uhttps://library.oapen.org/bitstream/20.500.12657/35195/1/340140.pdf||https://library.oapen.org/bitstream/20.500.12657/35195/1/340140.pdf||https://library.oapen.org/bitstream/20.500.12657/35195/1/340140.pdf
942 _cEB
999 _c22888
_d22888